Voorlichting in strafzaken: een kwaliteitsondeerzoek naar de reclasseringsrapportage
| 1. VerfasserIn: | |
|---|---|
| Medienart: | Druck Buch |
| Sprache: | Niederländisch |
| Veröffentlicht: |
Arnhem
Gouda Quint
1990
|
| In: |
NFR publikatie (3)
Jahr: 1990 |
| Bestand in Tübingen: | In Tübingen vorhanden. UB: KB 8 E 3066 |
| Verfügbarkeit prüfen: | HBZ Gateway |
| Subito Bestelldienst: | Jetzt bestellen. |
MARC
| LEADER | 00000cam a2200000 c 4500 | ||
|---|---|---|---|
| 001 | 1094778516 | ||
| 003 | DE-627 | ||
| 005 | 20220514143459.0 | ||
| 007 | tu | ||
| 008 | 910710s1990 xx ||||| 00| ||dut c | ||
| 020 | |a 9060007921 |9 90-6000-792-1 | ||
| 035 | |a (DE-627)1094778516 | ||
| 035 | |a (DE-576)024778516 | ||
| 035 | |a (DE-599)BSZ024778516 | ||
| 035 | |a (OCoLC)55023775 | ||
| 040 | |a DE-627 |b ger |c DE-627 |e rakwb | ||
| 041 | |a dut | ||
| 100 | 1 | |a Pyrek, M. Z. |4 aut | |
| 245 | 1 | 0 | |a Voorlichting in strafzaken |b een kwaliteitsondeerzoek naar de reclasseringsrapportage |c M. Z. Pyrek |
| 264 | 1 | |a Arnhem |b Gouda Quint |c 1990 | |
| 300 | |a 129 S. | ||
| 336 | |a Text |b txt |2 rdacontent | ||
| 337 | |a ohne Hilfsmittel zu benutzen |b n |2 rdamedia | ||
| 338 | |a Band |b nc |2 rdacarrier | ||
| 490 | 1 | |a NFR publikatie |v 3 | |
| 583 | 1 | |a Archivierung prüfen |c 20200919 |f DE-640 |z 2 |2 pdager | |
| 810 | 2 | |a Nederlandse Federatie van Reclasseringsinstellingen |t NFR publikatie |v 3 |9 3 |w (DE-627)1094778044 |w (DE-576)024778044 |7 am | |
| 951 | |a BO | ||
| ELC | |b 1 | ||
| LOK | |0 000 xxxxxcx a22 zn 4500 | ||
| LOK | |0 001 2167530544 | ||
| LOK | |0 003 DE-627 | ||
| LOK | |0 004 1094778516 | ||
| LOK | |0 005 20151005162308 | ||
| LOK | |0 008 910710||||||||||||||||ger||||||| | ||
| LOK | |0 040 |a DE-21 |c DE-627 |d DE-21 | ||
| LOK | |0 852 |a DE-21 | ||
| LOK | |0 852 1 |c KB 8 E 3066 |9 00 | ||
| LOK | |0 935 |a krim | ||
| LOK | |0 939 |a 10-07-91 |b l01 | ||
| ORI | |a SA-MARC-krimdoka001.raw | ||
| SIG | |a UB: KB 8 E 3066 | ||
